| 000 | 00577nam a2200229Ia 4500 | ||
|---|---|---|---|
| 008 | 210210b2019 xxu||||| |||| 00| 0 eng d | ||
| 020 | _a9788127260736 | ||
| 041 | _aeng | ||
| 082 | _a574.192 KATB | ||
| 100 | _aKATOCH (Rajan) | ||
| 245 | _aBiochemistry and molecular biology of plant disease resistance | ||
| 260 |
_aLudhiana _bKalyani Publishers _c2019 |
||
| 300 | _axii,400 | ||
| 650 | _aresistance | ||
| 650 | _aplant | ||
| 650 | _amolecular | ||
| 650 | _adisease | ||
| 650 | _abiology | ||
| 650 | _aBiochemistry | ||
| 690 | _aBiochemistry | ||
| 906 | _a074136 | ||
| 999 |
_c123845 _d123845 |
||